| 000 | 00929cam a22002653a 4500 | ||
|---|---|---|---|
| 001 | 8579 | ||
| 003 | PGUSA | ||
| 005 | 20140828083202.0 | ||
| 008 | 050701s2005||||xxu|||||s|||||000 | eng d | ||
| 040 |
_aPGUSA _beng |
||
| 042 | _adc | ||
| 050 | 4 | _aBV | |
| 050 | 4 | _aHQ | |
| 100 | 1 |
_aEddy, Daniel C. _q(Daniel Clarke), _d1823-1896 |
|
| 245 | 1 | 0 |
_aDaughters of the Cross ; _bor, Woman's Mission _h[electronic resource] / _cDaniel C. Eddy |
| 260 |
_bProject Gutenberg, _c2005 |
||
| 505 | 0 | _aHarriet Newell -- Ann H. Judson -- Elizabeth Hervey -- Harriet B. Stewart -- Sarah L. Smith -- Eleanor Macomber -- Sarah D. Comstock -- Henrietta Shuck -- Sarah B. Judson -- Mary E. Van Lennep. | |
| 506 | _aPublic domain in the USA. | ||
| 516 | _aElectronic text | ||
| 653 | _aWomen -- Biography | ||
| 653 | _aWomen missionaries | ||
| 830 | 0 |
_aProject Gutenberg _v8579 |
|
| 856 | 4 | 0 | _uhttp://www.gutenberg.org/ebooks/8579 |
| 942 | _cEB | ||
| 999 |
_c237879 _d237879 |
||